000 003350000a22001450004500
005 20120302064708.0
942 _cBOOK
100 _a Ganguly, Anand
245 _a Teach Yourself Japanese
260 _aDelhi: Gyan Sagar Publications,2002
300 _a112 p.
040 _aEng
365 _bRs.70/ -
650 _alanguage/ Japanese
999 _c362828
_d362825